| 000 | 00436nam a2200205Ia 4500 | ||
|---|---|---|---|
| 001 | 14484 | ||
| 003 | GE_BSU | ||
| 008 | 181216s||||||||xx |||||||||||||| ||und|| | ||
| 020 | _a978184451735X | ||
| 040 | _cGE_BSU | ||
| 080 | _a1(091) | ||
| 100 | _aStorm,Rochel | ||
| 245 | _aGreek Myth | ||
| 260 | _aLondon | ||
| 260 | _bFlame tree Publishing | ||
| 260 | _c2007 | ||
| 300 | _a284p.ill.16cm. | ||
| 653 | _aGreek Myth | ||
| 942 | _cBK | ||
| 999 |
_c47615 _d47615 |
||